[Event "Bay Area International"]
[Site "?"]
[Date "2019.01.06"]
[Round "8"]
[White "Yoo, Christopher"]
[Black "Hilby, Craig"]
[Result "1/2-1/2"]
[WhiteElo "2388"]
[BlackElo "2445"]
[PlyCount "73"]
[EventDate "2019.??.??"]
[SourceVersionDate "2019.01.08"]

1. e4 e5 2. Nf3 Nc6 3. Bb5 a6 4. Ba4 d6 5. O-O Bg4 6. h3 h5 7. Bxc6+ bxc6 8. d4
Bxf3 9. Qxf3 exd4 10. Re1 Qd7 11. c3 dxc3 12. Nxc3 Ne7 13. e5 d5 14. e6 fxe6
15. Bg5 c5 16. Re3 Rb8 17. Rae1 Rb6 18. R3e2 d4 19. Ne4 Qd5 20. Qg3 Rc6 21. Bf6
Rg8 22. Bh4 Kd7 23. Qf3 Qf5 24. Qb3 g5 25. Bg3 h4 26. Bh2 c4 27. Qb7 Bg7 28.
Nd6 Qd5 29. Rxe6 Qxe6 30. Rxe6 Kxe6 31. Nxc4 Rxc4 32. Qb3 Kd5 33. Qf3+ Kc5 34.
Qa3+ Kd5 35. Qf3+ Kc5 36. Qa3+ Kb5 37. Qd3 1/2-1/2

[Event "Bay Area International"]
[Site "?"]
[Date "2019.01.07"]
[Round "9"]
[White "Arne, Mike"]
[Black "Harazinska, Ewa"]
[Result "1/2-1/2"]
[WhiteElo "2124"]
[BlackElo "2222"]
[PlyCount "41"]
[EventDate "2019.??.??"]
[SourceVersionDate "2019.01.08"]

1. d4 Nf6 2. c4 e6 3. Nc3 Bb4 4. f3 c5 5. a3 Bxc3+ 6. bxc3 d6 7. e4 O-O 8. Bg5
Qc7 9. Bxf6 gxf6 10. d5 Re8 11. Kf2 Qe7 12. Qd2 f5 13. exf5 exd5 14. g4 dxc4
15. Bxc4 Bxf5 16. gxf5 Qh4+ 17. Kg2 Qxc4 18. Qg5+ Kh8 19. Qf6+ Kg8 20. Qg5+ Kh8
21. Qf6+ 1/2-1/2

[Event "Bay Area International"]
[Site "?"]
[Date "2019.01.07"]
[Round "9"]
[White "Balakrishnan, Praveen"]
[Black "Ramirez, Alejandro"]
[Result "0-1"]
[WhiteElo "2418"]
[BlackElo "2567"]
[PlyCount "46"]
[EventDate "2019.??.??"]

1. e4 e5 2. Nf3 Nc6 3. Bb5 Nf6 4. d3 d6 5. O-O a6 6. Bxc6+ bxc6 7. Nbd2 g6 8.
b4 Bg7 9. Nc4 O-O 10. Na5 Qe8 11. Re1 Nh5 12. Bb2 f5 13. Nd2 Nf4 14. d4 fxe4
15. Nxe4 d5 16. Ng3 Bh3 17. gxh3 Nxh3+ 18. Kg2 Rxf2+ 19. Kh1 Qe6 20. Re2 Raf8
21. Qd3 Qg4 22. Rg1 Rxe2 23. Qxe2 Nf2+ 0-1

[Event "Bay Area International"]
[Site "?"]
[Date "2019.01.07"]
[Round "9"]
[White "Betaneli, Alex"]
[Black "Jones, Craig"]
[Result "1-0"]
[WhiteElo "2254"]
[BlackElo "2138"]
[PlyCount "71"]
[EventDate "2019.??.??"]
[SourceVersionDate "2019.01.08"]

1. c4 e5 2. g3 Nf6 3. Bg2 d5 4. cxd5 Nxd5 5. Nc3 Nb6 6. Nf3 Nc6 7. d3 Be7 8.
Be3 O-O 9. O-O Bg4 10. Rc1 Re8 11. Na4 Nd4 12. Nc5 Bxc5 13. Rxc5 Qd6 14. Bxd4
exd4 15. Rg5 f5 16. Qb3+ Kh8 17. Rxg4 fxg4 18. Ng5 Re7 19. Nf7+ Rxf7 20. Qxf7
Rf8 21. Qh5 Qe6 22. Be4 g6 23. Qc5 Qd6 24. Qa5 c6 25. Qxa7 Qc7 26. Qa5 Ra8 27.
Qc5 Qd8 28. a3 Na4 29. Qe5+ Kg8 30. f3 Qd7 31. fxg4 Nxb2 32. Qf6 Qxg4 33. Qf7+
Kh8 34. Qe7 Kg8 35. Qf7+ Kh8 36. Qxb7 1-0

[Event "Bay Area International"]
[Site "?"]
[Date "2019.01.07"]
[Round "9"]
[White "Brown, Michael"]
[Black "Banik, Siddharth"]
[Result "1/2-1/2"]
[WhiteElo "2524"]
[BlackElo "2276"]
[PlyCount "41"]
[EventDate "2019.??.??"]
[SourceVersionDate "2019.01.08"]

1. c4 Nf6 2. Nc3 e6 3. e4 d5 4. e5 d4 5. exf6 dxc3 6. bxc3 Qxf6 7. Bd3 Qe5+ 8.
Ne2 c5 9. O-O Qc7 10. Be4 Bd6 11. g3 Nd7 12. Qb3 O-O 13. d3 Rb8 14. a4 h6 15.
a5 Nf6 16. Bg2 e5 17. h3 Bf5 18. Rd1 Rfe8 19. Be3 h5 20. d4 h4 21. dxc5 1/2-1/2

[Event "Bay Area International"]
[Site "?"]
[Date "2019.01.07"]
[Round "9"]
[White "Chandra, Akshat"]
[Black "Jacobson, Brandon"]
[Result "1-0"]
[WhiteElo "2492"]
[BlackElo "2404"]
[PlyCount "87"]
[EventDate "2019.??.??"]
[SourceVersionDate "2019.01.09"]

1. Nf3 g6 2. e4 d6 3. d4 Nf6 4. Bd3 Bg7 5. O-O O-O 6. Re1 Nfd7 7. c3 Nc6 8. Na3
a6 9. Nc2 h6 10. b4 e5 11. a4 Kh8 12. Rb1 f5 13. b5 axb5 14. axb5 Na5 15. Ra1
d5 16. exd5 e4 17. Bf1 exf3 18. Qxf3 Nf6 19. c4 g5 20. Ba3 Rf7 21. Bb4 b6 22.
d6 Rb8 23. Re7 Rxe7 24. dxe7 Qe8 25. Re1 f4 26. d5 Bg4 27. Qd3 Nb7 28. Nd4 Nd6
29. h3 Bh5 30. Nc6 Ra8 31. c5 bxc5 32. Bxc5 Bg6 33. Qb3 Nd7 34. Bxd6 cxd6 35.
b6 Nc5 36. Qb5 Qd7 37. Nd8 Rxd8 38. exd8=Q+ Qxd8 39. Qc6 Bd4 40. b7 Kg7 41. Qc8
Bxf2+ 42. Kh1 Nxb7 43. Qxb7+ Kg8 44. Ra1 1-0

[Event "Bay Area International"]
[Site "?"]
[Date "2019.01.07"]
[Round "9"]
[White "Cline, John"]
[Black "Yanayt, Eugene"]
[Result "1-0"]
[WhiteElo "2272"]
[BlackElo "2143"]
[PlyCount "97"]
[EventDate "2019.??.??"]
[SourceVersionDate "2019.01.08"]

1. e4 c5 2. Nf3 d6 3. d4 cxd4 4. Nxd4 Nf6 5. Nc3 g6 6. f3 Nc6 7. Be3 Bg7 8. Qd2
O-O 9. Bc4 Bd7 10. h4 h5 11. O-O-O Rc8 12. Bb3 Ne5 13. Kb1 Nc4 14. Qd3 Nxe3 15.
Qxe3 Qa5 16. Rhe1 e6 17. Rd3 b5 18. a3 b4 19. axb4 Qxb4 20. Red1 a5 21. Nde2
Rc6 22. Qa7 a4 23. Rd4 Qc5 24. Qxc5 dxc5 25. Rxa4 Rc7 26. Rc4 Rb8 27. e5 Nd5
28. Rxd5 exd5 29. Nxd5 Rcb7 30. Rxc5 Bf5 31. Nd4 Rc8 32. Rxc8+ Bxc8 33. f4 Bf8
34. c3 Bc5 35. Kc2 Kg7 36. Bc4 Rd7 37. Kd3 Bb7 38. Nf6 Rd8 39. Ne4 Be7 40. g3
Ra8 41. Nb5 Ra1 42. Nbd6 Bc6 43. b4 Rd1+ 44. Ke2 Rb1 45. b5 Bd7 46. Bd3 Rb2+
47. Ke3 Rb3 48. Nc5 Rxb5 49. Nxd7 1-0

[Event "Bay Area International"]
[Site "?"]
[Date "2019.01.07"]
[Round "9"]
[White "Dragun, Kamil"]
[Black "Ostrovskiy, Aleksandr"]
[Result "1/2-1/2"]
[WhiteElo "2578"]
[BlackElo "2439"]
[PlyCount "69"]
[EventDate "2019.??.??"]

1. Nf3 d5 2. c4 d4 3. g3 Nc6 4. Bg2 e5 5. O-O Nf6 6. e3 Be7 7. d3 O-O 8. exd4
exd4 9. Na3 h6 10. Nc2 a5 11. b3 Bg4 12. Re1 Nd7 13. Rb1 Nc5 14. Ba3 Re8 15.
Qd2 Qd6 16. h3 Bf5 17. Bxc5 Qxc5 18. a3 Bf6 19. b4 axb4 20. axb4 Qd6 21. b5 Ne7
22. Nh2 c6 23. Ng4 h5 24. Nxf6+ Qxf6 25. Nb4 Rab8 26. bxc6 bxc6 27. c5 Bd7 28.
Nc2 Rxb1 29. Rxb1 h4 30. Qf4 Qxf4 31. gxf4 Ng6 32. f5 Nf4 33. Nxd4 Nxd3 34.
Bxc6 Bxc6 35. Nxc6 1/2-1/2

[Event "Bay Area International"]
[Site "?"]
[Date "2019.01.07"]
[Round "9"]
[White "Gabuzyan, Hovhannes"]
[Black "Liem, Le Quang"]
[Result "0-1"]
[WhiteElo "2605"]
[BlackElo "2714"]
[PlyCount "94"]
[EventDate "2019.??.??"]

1. Nf3 c5 2. b3 d6 3. c4 e5 4. Nc3 g6 5. e3 Bg7 6. h4 Nc6 7. Bb2 f5 8. Be2 h6
9. Nd5 Nf6 10. Nxf6+ Qxf6 11. d3 Be6 12. a3 O-O 13. Nd2 d5 14. cxd5 Bxd5 15.
Qc2 Bxg2 16. Rg1 Bd5 17. Qxc5 Bf7 18. Nc4 Rac8 19. Qb5 Qe7 20. Bf3 Rfd8 21. Rd1
Be8 22. Bxc6 Rxc6 23. Qb4 Qxh4 24. Qxb7 Re6 25. Qxa7 Qh2 26. Rf1 g5 27. Qc7 Rd7
28. Qc8 Qg2 29. d4 exd4 30. Bxd4 Ree7 31. Kd2 Bxd4 32. exd4 Rxd4+ 33. Kc3 Rxd1
34. Rxd1 Qxf2 35. a4 g4 36. Qd8 Re6 37. Rd6 Qe1+ 38. Kb2 g3 39. Rd1 Qe4 40. Ka3
f4 41. Nd6 Qc6 42. Nxe8 Qxe8 43. Qd5 Qe7+ 44. b4 Qf7 45. Qa8+ Kh7 46. Rd3 Re2
47. b5 g2 0-1

[Event "Bay Area International"]
[Site "?"]
[Date "2019.01.07"]
[Round "9"]
[White "Grabinsky, Aaron"]
[Black "Ruiz, Joshua"]
[Result "0-1"]
[WhiteElo "2350"]
[BlackElo "2459"]
[PlyCount "98"]
[EventDate "2019.??.??"]
[SourceVersionDate "2019.01.08"]

1. e4 e6 2. d4 d5 3. Bd3 c5 4. exd5 Qxd5 5. Nc3 Qd8 6. Nf3 Nc6 7. Be3 Nf6 8.
O-O cxd4 9. Nxd4 Bd7 10. Qf3 Bd6 11. Rad1 Qb8 12. Nxc6 Bxc6 13. Bb5 O-O 14.
Bxc6 bxc6 15. h3 Qxb2 16. Rxd6 Qxc3 17. Rxc6 Qb2 18. c4 Qxa2 19. Bd4 Rfc8 20.
Ra1 Qd2 21. Bxf6 gxf6 22. Rxa7 Qe1+ 23. Kh2 Qe5+ 24. g3 Rab8 25. Rb7 Rd8 26.
Re7 Rd2 27. Kg2 Rbb2 28. Rc8+ Kg7 29. Rcc7 Rxf2+ 30. Qxf2 Qe4+ 31. Kg1 Rb1+ 32.
Qf1 Rxf1+ 33. Kxf1 Qf3+ 34. Ke1 Qxg3+ 35. Kd2 Qg2+ 36. Kd1 Qxh3 37. Rxf7+ Kg6
38. Rxh7 Qd3+ 39. Kc1 e5 40. Rhe7 e4 41. Kb2 f5 42. Red7 Qe2+ 43. Kc3 e3 44.
Rg7+ Kf6 45. Rgf7+ Kg5 46. Rg7+ Kf4 47. Rcd7 Qe1+ 48. Kc2 Qf2+ 49. Kd3 Qd2# 0-1

[Event "Bay Area International"]
[Site "?"]
[Date "2019.01.07"]
[Round "9"]
[White "Hilby, Craig"]
[Black "Bick, Gabriel"]
[Result "1/2-1/2"]
[WhiteElo "2445"]
[BlackElo "2381"]
[PlyCount "23"]
[EventDate "2019.??.??"]
[SourceVersionDate "2019.01.08"]

1. e4 e5 2. Nf3 Nc6 3. Nc3 Nf6 4. Bb5 Bc5 5. O-O O-O 6. Nxe5 Nxe5 7. d4 Bd6 8.
f4 Nc6 9. e5 Be7 10. d5 Bc5+ 11. Kh1 Nxd5 12. Qxd5 1/2-1/2

[Event "Bay Area International"]
[Site "?"]
[Date "2019.01.07"]
[Round "9"]
[White "Jacobson, Aaron"]
[Black "Tarjan, James"]
[Result "1-0"]
[WhiteElo "2286"]
[BlackElo "2402"]
[PlyCount "101"]
[EventDate "2019.??.??"]
[SourceVersionDate "2019.01.08"]

1. e4 e5 2. Nf3 Nc6 3. Bb5 a6 4. Ba4 Nf6 5. O-O Be7 6. Re1 b5 7. Bb3 d6 8. c3
O-O 9. h3 Nb8 10. d4 Nbd7 11. Nbd2 Bb7 12. Bc2 Re8 13. Nf1 Bf8 14. Ng3 g6 15.
a4 c5 16. d5 c4 17. Bg5 Nc5 18. Qd2 Be7 19. Bh6 Nfd7 20. Nh2 Nxa4 21. Bxa4 bxa4
22. Rxa4 a5 23. Ng4 Ba6 24. f4 Nc5 25. Raa1 Nb3 26. Qf2 Nxa1 27. Rf1 f6 28. f5
Nb3 29. Nh5 g5 30. h4 Rf8 31. Bxf8 Qxf8 32. hxg5 fxg5 33. f6 Bd8 34. f7+ Kh8
35. Nxe5 dxe5 36. Qf5 h6 37. Qxe5+ Kh7 38. Qf5+ Kh8 39. Qe5+ Kh7 40. Nf6+ Bxf6
41. Qf5+ Kh8 42. Qxf6+ Kh7 43. Qf5+ Kg7 44. Qf6+ Kh7 45. e5 Nc5 46. e6 Ra7 47.
Qf5+ Kg7 48. Qe5+ Kh7 49. Rf6 Bc8 50. Qf5+ Kh8 51. Rxh6+ 1-0

[Event "Bay Area International"]
[Site "?"]
[Date "2019.01.07"]
[Round "9"]
[White "Javakhadze, Zurabi"]
[Black "Costello, Alex"]
[Result "0-1"]
[WhiteElo "2449"]
[BlackElo "2231"]
[PlyCount "120"]
[EventDate "2019.??.??"]
[SourceVersionDate "2019.01.08"]

1. Nf3 Nf6 2. b3 g6 3. Bb2 Bg7 4. e4 d6 5. Qe2 e5 6. d4 exd4 7. Nxd4 O-O 8. Nc3
Re8 9. O-O-O Nbd7 10. h4 d5 11. h5 Nxe4 12. Nxe4 Rxe4 13. Qd2 c6 14. hxg6 hxg6
15. f3 Rh4 16. Rxh4 Qxh4 17. Kb1 Ne5 18. Qb4 a5 19. Qd6 Nd7 20. Ne2 Bxb2 21.
Kxb2 Qf6+ 22. Qxf6 Nxf6 23. c4 Bd7 24. Nf4 g5 25. Nd3 Be6 26. Kc3 dxc4 27. bxc4
Nd7 28. Rb1 b6 29. f4 f6 30. g3 Bf5 31. Rd1 Re8 32. Kd2 Bxd3 33. Kxd3 Nc5+ 34.
Kc2 gxf4 35. gxf4 Re4 36. f5 Rf4 37. Be2 Rxf5 38. Rd8+ Kf7 39. Rb8 Nd7 40. Rb7
Ke8 41. Kd2 Re5 42. Rc7 Re6 43. Bg4 Rd6+ 44. Kc3 Kd8 45. Ra7 Ne5 46. Bf5 Rd1
47. Be6 Rd3+ 48. Kc2 Rd6 49. Bg8 f5 50. c5 bxc5 51. Rxa5 Nd7 52. Ra3 f4 53. Rd3
Rf6 54. Kd1 Kc7 55. Ke1 Ne5 56. Rc3 f3 57. Bc4 Ng4 58. Bf1 Re6+ 59. Kd2 Nh2 60.
Bc4 f2 0-1

[Event "Bay Area International"]
[Site "?"]
[Date "2019.01.07"]
[Round "9"]
[White "Katz, Alexander"]
[Black "Yoo, Christopher"]
[Result "1/2-1/2"]
[WhiteElo "2433"]
[BlackElo "2388"]
[PlyCount "41"]
[EventDate "2019.??.??"]
[SourceVersionDate "2019.01.08"]

1. g3 Nf6 2. Bg2 d5 3. Nf3 g6 4. O-O Bg7 5. c4 c6 6. d4 O-O 7. b3 dxc4 8. bxc4
c5 9. e3 Nc6 10. Bb2 Qb6 11. Qe2 Ne4 12. Nc3 Nxc3 13. Bxc3 cxd4 14. exd4 Nxd4
15. Nxd4 Bxd4 16. Rab1 Qf6 17. Bxd4 Qxd4 18. Rfd1 Qc5 19. Bxb7 Rb8 20. Rb5 Qc7
21. Bxc8 1/2-1/2

[Event "Bay Area International"]
[Site "?"]
[Date "2019.01.07"]
[Round "9"]
[White "Ke, Ivan"]
[Black "Taghizadeh, Rayan"]
[Result "1/2-1/2"]
[WhiteElo "2251"]
[BlackElo "2298"]
[PlyCount "128"]
[EventDate "2019.??.??"]
[SourceVersionDate "2019.01.08"]

1. d4 Nf6 2. Nf3 e6 3. e3 b6 4. Bd3 Bb7 5. O-O d5 6. b3 c5 7. Bb2 Nc6 8. Ne5
Bd6 9. Nd2 O-O 10. f4 Rc8 11. c3 Ne7 12. Qf3 Rc7 13. g4 Qa8 14. Qg2 Ne4 15.
Bxe4 dxe4 16. Ndc4 Bxe5 17. fxe5 Ba6 18. Nd6 Bd3 19. c4 a6 20. Rf4 b5 21. g5
bxc4 22. bxc4 Qa7 23. Nxe4 Bxe4 24. Qxe4 cxd4 25. Bxd4 Qb8 26. Rb1 Qe8 27. Bb6
Rc8 28. Qd3 Ng6 29. Re4 Qe7 30. Rb2 Qxg5+ 31. Rg2 Qf5 32. Rf2 Qg5+ 33. Rg2 Qf5
34. Rf2 Nxe5 35. Rxf5 Nxd3 36. Ra5 e5 37. c5 Rc6 38. Rc4 Rfc8 39. Rc3 e4 40.
Rxa6 f5 41. Ra5 Kf7 42. a4 Kf6 43. Rb5 Ke5 44. a5 Ra8 45. Ra3 Ra6 46. Kf1 Kd5
47. Ra4 Ke5 48. Rd4 f4 49. Rd6 Rxd6 50. exf4+ Kd5 51. cxd6+ Kxd6 52. Rg5 g6 53.
f5 gxf5 54. Rxf5 Ra8 55. Ke2 Ne5 56. Rh5 Nc4 57. h4 Nxb6 58. axb6 Kc6 59. Rh6+
Kb7 60. Ke3 Re8 61. h5 Re5 62. Rxh7+ Kxb6 63. h6 Re6 64. Rh8 Kb7 1/2-1/2

[Event "Bay Area International"]
[Site "?"]
[Date "2019.01.07"]
[Round "9"]
[White "Kiewra, Keaton"]
[Black "Quesada, Yuniesky"]
[Result "0-1"]
[WhiteElo "2362"]
[BlackElo "2642"]
[PlyCount "138"]
[EventDate "2019.??.??"]

1. d4 Nf6 2. c4 e6 3. Nf3 d5 4. g3 Be7 5. Bg2 O-O 6. O-O Nbd7 7. Qc2 c6 8. Rd1
b6 9. b3 a5 10. Nc3 Ba6 11. Nd2 b5 12. e4 Nb6 13. c5 b4 14. Ncb1 Nbd7 15. e5
Ne8 16. Re1 Nc7 17. f4 Qb8 18. Nf3 Qb5 19. Bf1 Qb7 20. Bh3 Bb5 21. a4 bxa3 22.
Nc3 g6 23. g4 Kh8 24. f5 gxf5 25. gxf5 Rg8+ 26. Kh1 Na6 27. Bxa3 Nf8 28. Rg1
exf5 29. Qxf5 Ng6 30. Ng5 Bxg5 31. Rxg5 Nc7 32. Bc1 Ba6 33. Rh5 Rg7 34. Bh6 Ne8
35. Na4 Qxb3 36. Nb6 Bd3 37. Qf2 Nf4 38. Bf5 Nxh5 39. Bxd3 Qxd3 40. Bxg7+ Nexg7
41. Nxa8 Qe4+ 42. Qg2 Qxd4 43. Rb1 Qxe5 44. Nb6 Qf5 45. Rg1 h6 46. Qg4 Qe5 47.
Nd7 Qe7 48. Nb6 Kh7 49. Qd4 Qe6 50. Qg4 f5 51. Qg2 f4 52. Qf3 Kh8 53. Kg2 Qe7
54. Rc1 Qe5 55. Rg1 Nf5 56. Kh3 Nd4 57. Qg4 Qe3+ 58. Kg2 Nf6 59. Qc8+ Ne8 60.
Qg4 Nf6 61. Qc8+ Kh7 62. Kh1 Qe4+ 63. Rg2 Qe1+ 64. Rg1 Qe4+ 65. Rg2 Qe7 66. Qa6
f3 67. Rg3 Ne4 68. Qd3 Qf6 69. Nd7 Qf5 0-1

[Event "Bay Area International"]
[Site "?"]
[Date "2019.01.07"]
[Round "9"]
[White "Kondakov, Adrian"]
[Black "Sathiaram, Sarvadh"]
[Result "0-1"]
[WhiteElo "2018"]
[BlackElo "2046"]
[PlyCount "116"]
[EventDate "2019.??.??"]
[SourceVersionDate "2019.01.08"]

1. e4 e5 2. Nf3 Nc6 3. Bc4 Nf6 4. d3 Bc5 5. O-O d6 6. c3 a6 7. Bb3 Ba7 8. Nbd2
O-O 9. h3 Be6 10. Re1 h6 11. Nf1 Re8 12. Ng3 Qd7 13. Qe2 Ne7 14. Kh2 Ng6 15.
Be3 Nf4 16. Bxf4 exf4 17. Nf1 Bxb3 18. axb3 g5 19. N1d2 d5 20. e5 g4 21. Nh4
Bxf2 22. Rf1 Bg3+ 23. Kh1 Bxh4 24. Rxf4 Bg5 25. Rff1 Nh5 26. Qf2 Bxd2 27. Qxd2
Ng3+ 28. Kg1 Nxf1 29. Qxh6 Qe6 30. Qg5+ Qg6 31. Qxg6+ fxg6 32. Rxf1 Rxe5 33.
hxg4 Rf8 34. Rxf8+ Kxf8 35. Kf2 g5 36. g3 Ke7 37. b4 Ke6 38. b3 d4 39. cxd4 Rb5
40. Ke3 Rxb4 41. Ke4 c6 42. Ke3 Rxb3 43. d5+ cxd5 44. Kd4 Rxd3+ 45. Kxd3 b5 46.
Kd4 b4 47. Kd3 a5 48. Kd4 b3 49. Kc3 a4 50. Kb2 d4 51. Kc1 a3 52. Kb1 d3 53.
Kc1 Kd5 54. Kd2 Kd4 55. Ke1 Ke3 56. Kf1 d2 57. Kg2 d1=Q 58. Kh2 Kf3 0-1

[Event "Bay Area International"]
[Site "?"]
[Date "2019.01.07"]
[Round "9"]
[White "Korley, Kassa"]
[Black "Hong, Andrew"]
[Result "1-0"]
[WhiteElo "2450"]
[BlackElo "2390"]
[PlyCount "97"]
[EventDate "2019.??.??"]
[SourceVersionDate "2019.01.08"]

1. d4 d5 2. c4 e6 3. Nc3 c6 4. e4 dxe4 5. Nxe4 Bb4+ 6. Nc3 c5 7. Nf3 Nf6 8. Be2
Nc6 9. Be3 Ne4 10. Rc1 cxd4 11. Nxd4 Nxc3 12. bxc3 Ba5 13. O-O O-O 14. Nxc6
bxc6 15. Qa4 Qc7 16. Bf3 Ba6 17. Bxc6 Rad8 18. Rfd1 Bc8 19. Rd4 Qe5 20. Rcd1 a6
21. g3 Qc7 22. R1d3 Qe5 23. c5 Bc7 24. Rxd8 Bxd8 25. Bd7 Qf5 26. Rd1 Bf6 27.
Bxc8 Rxc8 28. Qxa6 e5 29. Qb7 Qe6 30. a4 Bd8 31. Rd7 Rb8 32. Qxb8 Qxd7 33. Qd6
Qc7 34. Kf1 f6 35. Qd5+ Kh8 36. c6 h5 37. c4 g5 38. Bc5 Qa5 39. Be7 Qxa4 40.
Qxd8+ Kh7 41. Qd3+ Kg7 42. Qf3 g4 43. Qxf6+ Kh7 44. Qf5+ Kg7 45. Bf6+ Kf8 46.
Bxe5+ Ke7 47. Qf6+ Ke8 48. Qg6+ Ke7 49. Bd6+ 1-0

[Event "Bay Area International"]
[Site "?"]
[Date "2019.01.07"]
[Round "9"]
[White "Kumar, Naman"]
[Black "Mackenzie, Dana"]
[Result "1/2-1/2"]
[WhiteElo "1868"]
[BlackElo "2012"]
[PlyCount "119"]
[EventDate "2019.??.??"]
[SourceVersionDate "2019.01.08"]

1. e4 e5 2. Nf3 Nc6 3. Bc4 Nf6 4. d3 Be7 5. c3 O-O 6. Bb3 d6 7. O-O Be6 8. Bc2
d5 9. Qe2 dxe4 10. dxe4 Nd7 11. Rd1 Qc8 12. Be3 Nb6 13. Nbd2 Rd8 14. b4 f6 15.
a4 a5 16. b5 Nb8 17. Bb3 Bxb3 18. Nxb3 Rxd1+ 19. Rxd1 Qe6 20. Bxb6 cxb6 21. Rd5
Kf8 22. Qc4 Nd7 23. Qc7 Nc5 24. Nxc5 Bxc5 25. Rd7 Be7 26. Qxb7 Rd8 27. Rxd8+
Bxd8 28. Nd2 Qd6 29. Qd5 Be7 30. Qxd6 Bxd6 31. Nc4 Bc5 32. Kf1 Ke7 33. Ke2 Ke6
34. f3 Kd7 35. Kd3 Ke6 36. g3 g5 37. g4 Kd7 38. Kd2 Ke6 39. Kd1 Ke7 40. Kc2 Ke6
41. Kd3 Kd7 42. Nd2 Kd6 43. Nf1 Bg1 44. h3 Bf2 45. Ke2 Bg1 46. Ng3 Ke6 47. Kd3
Bc5 48. Kc4 Bf2 49. Nf5 Bg1 50. Ng7+ Kf7 51. Nh5 Ke6 52. Ng7+ Kf7 53. Nf5 Ke6
54. h4 Bf2 55. h5 Bg1 56. Ng7+ Kd6 57. Ne8+ Ke6 58. h6 Bf2 59. Ng7+ Kd6 60.
Nf5+ 1/2-1/2

[Event "Bay Area International"]
[Site "?"]
[Date "2019.01.07"]
[Round "9"]
[White "Kumar, Nikhil"]
[Black "Shetty, Atulya"]
[Result "0-1"]
[WhiteElo "2281"]
[BlackElo "2401"]
[PlyCount "88"]
[EventDate "2019.??.??"]
[SourceVersionDate "2019.01.08"]

1. d4 d5 2. c4 c6 3. Nf3 Nf6 4. Nc3 a6 5. c5 Bf5 6. Qb3 Ra7 7. Nh4 Bg6 8. Bg5
Nbd7 9. Nxg6 hxg6 10. e4 dxe4 11. g3 e6 12. Bg2 Be7 13. O-O O-O 14. Rfd1 Nd5
15. Bxe7 Nxe7 16. Nxe4 Nf6 17. Nd6 Qb8 18. Re1 Nf5 19. Nxf5 gxf5 20. Rad1 Qc7
21. Qc4 Rd8 22. b4 Nd5 23. Re5 b5 24. cxb6 Qxb6 25. Bxd5 cxd5 26. Qc5 Rb8 27.
Rc1 a5 28. bxa5 Qxc5 29. dxc5 Rxa5 30. Re2 Kf8 31. f4 Ke7 32. Kf2 Kd7 33. c6+
Kd6 34. Rec2 Rc8 35. h3 Ra6 36. c7 Ra7 37. g4 fxg4 38. Rc6+ Kd7 39. hxg4 Rxa2+
40. Kg3 Ra7 41. f5 Raxc7 42. Rxc7+ Rxc7 43. Rh1 Ke7 44. Rh7 Kf6 0-1

[Event "Bay Area International"]
[Site "?"]
[Date "2019.01.07"]
[Round "9"]
[White "Kung, Thomas"]
[Black "O'Connor, Derek"]
[Result "1/2-1/2"]
[WhiteElo "2133"]
[BlackElo "2275"]
[PlyCount "44"]
[EventDate "2019.??.??"]
[SourceVersionDate "2019.01.08"]

1. e4 e5 2. Nf3 Nc6 3. Nc3 Nf6 4. Bb5 Bd6 5. d3 a6 6. Bc4 Bc5 7. O-O h6 8. Be3
Bxe3 9. fxe3 d6 10. Qe1 Na5 11. Bb3 Nxb3 12. axb3 O-O 13. Nh4 d5 14. Nf5 dxe4
15. dxe4 Bxf5 16. exf5 Qe7 17. Rd1 Rad8 18. Qe2 Qc5 19. Rd2 e4 20. Rf4 Nd5 21.
Nxd5 Rxd5 22. Rxe4 Rxd2 1/2-1/2

[Event "Bay Area International"]
[Site "?"]
[Date "2019.01.07"]
[Round "9"]
[White "Li, Zhaozhi"]
[Black "Hevia, Carlos"]
[Result "1/2-1/2"]
[WhiteElo "2395"]
[BlackElo "2476"]
[PlyCount "109"]
[EventDate "2019.??.??"]
[SourceVersionDate "2019.01.08"]

1. d4 Nf6 2. c4 e6 3. Nf3 b6 4. g3 Bb4+ 5. Bd2 a5 6. Bg2 Bb7 7. O-O O-O 8. Bf4
Be7 9. Nc3 Na6 10. a3 Ne4 11. Qc2 Nxc3 12. bxc3 f5 13. Ne5 Bxg2 14. Kxg2 d6 15.
Nf3 Qe8 16. Kg1 Bf6 17. Qd3 Kh8 18. Bg5 Bxg5 19. Nxg5 e5 20. h4 h6 21. Nh3 Qe7
22. e3 Nb8 23. f4 e4 24. Qe2 a4 25. Rab1 Nd7 26. Rb5 Qf7 27. Nf2 h5 28. Nh3 g6
29. Rfb1 Ra7 30. Kg2 Kg7 31. Ng5 Qe7 32. Qc2 Rfa8 33. Qa2 Re8 34. Kf1 Raa8 35.
Qc2 Ra7 36. Ke1 Ra6 37. Kd2 Qf8 38. R5b4 Qg8 39. Rxa4 Rea8 40. Rxa6 Rxa6 41.
Qb3 Ra5 42. Kc2 Kh6 43. a4 Qd8 44. Qa2 Nf6 45. Rb5 Ra7 46. a5 Ng4 47. Kd2 Qa8
48. c5 dxc5 49. Qe6 c6 50. Rxb6 Rxa5 51. Rxc6 Ra2+ 52. Ke1 Ra1+ 53. Ke2 Ra2+
54. Ke1 Ra1+ 55. Ke2 1/2-1/2

[Event "Bay Area International"]
[Site "?"]
[Date "2019.01.07"]
[Round "9"]
[White "Macieja, Bartlomiej"]
[Black "Bruzon, Lazaro"]
[Result "1/2-1/2"]
[WhiteElo "2509"]
[BlackElo "2664"]
[PlyCount "50"]
[EventDate "2019.??.??"]

1. c4 c5 2. Nf3 Nf6 3. Nc3 Nc6 4. g3 g6 5. Bg2 Bg7 6. d4 cxd4 7. Nxd4 O-O 8.
O-O Qa5 9. Nc2 d6 10. Bd2 Qh5 11. e4 Ng4 12. h3 Nge5 13. Qxh5 gxh5 14. b3 Bxh3
15. Rad1 Bd7 16. Nd5 h4 17. gxh4 Kh8 18. f3 Rg8 19. h5 h6 20. Bc3 Raf8 21. Ba1
Kh7 22. Nce3 Bh8 23. Kf2 Bc8 24. Rh1 Rd8 25. Bf1 e6 1/2-1/2

[Event "Bay Area International"]
[Site "?"]
[Date "2019.01.07"]
[Round "9"]
[White "Mishra, Abhimanyu"]
[Black "Mont-Reynaud, Jordy"]
[Result "0-1"]
[WhiteElo "2120"]
[BlackElo "2241"]
[PlyCount "96"]
[EventDate "2019.??.??"]
[SourceVersionDate "2019.01.08"]

1. e4 g6 2. d4 Bg7 3. Nc3 d6 4. f4 a6 5. Nf3 Bg4 6. Be3 Nd7 7. Bc4 e6 8. h3
Bxf3 9. Qxf3 b5 10. Bd3 Ne7 11. O-O O-O 12. Rad1 c6 13. e5 d5 14. Ne2 Qc7 15.
h4 c5 16. c3 Nb6 17. dxc5 Nc4 18. b3 Nb2 19. Rd2 Nxd3 20. Rxd3 a5 21. a3 b4 22.
cxb4 axb4 23. a4 h5 24. Nd4 Rab8 25. Nb5 Qc6 26. Nd6 f6 27. exf6 Rxf6 28. Qg3
Rbf8 29. Re1 Bh6 30. f5 Bxe3+ 31. Qxe3 gxf5 32. Qd4 Rg6 33. Qxb4 d4 34. Rd2 f4
35. Qb7 f3 36. Qxc6 Nxc6 37. Rf2 Nb4 38. Rd1 e5 39. Nc4 e4 40. Rxd4 Nd3 41. Rd2
f2+ 42. Kf1 Rxg2 43. Kxg2 f1=Q+ 44. Kh2 Rf2+ 45. Rxf2 Qxf2+ 46. Kh1 Qxd4 47. c6
Nf4 48. c7 Qd1+ 0-1

[Event "Bay Area International"]
[Site "?"]
[Date "2019.01.07"]
[Round "9"]
[White "Naroditsky, Daniel"]
[Black "Ynojosa, Felix"]
[Result "0-1"]
[WhiteElo "2616"]
[BlackElo "2368"]
[PlyCount "147"]
[EventDate "2019.??.??"]

1. e4 c5 2. Nf3 Nc6 3. Bb5 e6 4. O-O Nge7 5. d4 cxd4 6. Nxd4 Qb6 7. Nxc6 bxc6
8. Be2 Ng6 9. Nc3 Be7 10. Na4 Qc7 11. c4 c5 12. f4 O-O 13. Be3 Bb7 14. Nc3 f5
15. exf5 Nh4 16. fxe6 Nxg2 17. Nb5 Qb6 18. Bc1 dxe6 19. Bf3 Rad8 20. Qe2 Bxf3
21. Rxf3 Nh4 22. Rh3 e5 23. Nc3 exf4 24. Nd5 Rxd5 25. cxd5 Qg6+ 26. Kf1 Bf6 27.
Bxf4 Bd4 28. Qe6+ Qxe6 29. dxe6 Rxf4+ 30. Ke2 Rf2+ 31. Kd3 Ng6 32. Re1 Nf4+ 33.
Kc4 Rc2+ 34. Kb5 Nxh3 35. e7 Rxb2+ 36. Kc6 Rb8 37. e8=Q+ Rxe8 38. Rxe8+ Kf7 39.
Rc8 c4 40. Kd5 Bg1 41. Kxc4 Nf4 42. Rb8 g5 43. Rb1 Bb6 44. a4 Kf6 45. a5 Bxa5
46. Rb7 h5 47. Rxa7 Be1 48. Ra1 Bf2 49. Rf1 Bh4 50. Kd4 Kf5 51. Ke3 Kg4 52. Rf3
Be1 53. Rf1 Ng2+ 54. Ke4 Kh3 55. Rh1 g4 56. Kf5 h4 57. Kg5 g3 58. hxg3+ Kxg3
59. Kf5 h3 60. Ke4 h2 61. Kd3 Nf4+ 62. Ke4 Bd2 63. Rxh2 Kxh2 64. Kf3 Kh3 65.
Ke4 Kg4 66. Kd4 Kf5 67. Kc5 Be3+ 68. Kd6 Bd4 69. Kc6 Ke6 70. Kc7 Kd5 71. Kb7
Ne6 72. Ka6 Kc6 73. Ka5 Bc5 74. Ka4 0-1